000 00435nam a2200157 i 4500
001 39525
003 ES-MaACL
005 20230906160021.0
007 t|
008 030303s1926 sp ||||1| spa d
245 0 0 _aCancionero de Madrid /
_ccopilado por Pilar Díez Carbonell.
260 _a[Madrid :
_bTip. Artística,
_c1926]
300 _a150 p. ;
_c25 cm.
700 1 _aDíez Carbonell, Pilar.
_944690
852 _aES-MaACL
_jF-1286
999 _c39525
_d39525